000 01126nam a22002057a 4500
999 _c4238
_d4238
003 OSt
005 20250203100954.0
008 250203b ||||| |||| 00| 0 eng d
020 _a9780340966020
040 _cKH8
082 _a500 MOR
100 _aMorrison, Karen,
_eauthor.
245 _aInternational Science :
_bCoursebook 3 /
_cKaren Morrison.
260 _aUK ;
_bHodder & Stoughton,
_c2015.
300 _a141 pages :
_bcolor illustrations ;
_c28 cm.
520 _aInternational Science is a new series offering a comprehensive programme for teaching Lower Secondary Science. Specially designed for pupils for whom English is a second language, the course is carefully structured to boost pupils' abilities and confidence in the subject. The material is tailored to suit global market requirements, and subject content and language learning are supported equally. To complement the Coursebook, this Workbook provides extra practice and homework activities to help reinforce the material taught within each lesson.
650 _aScience
_vCoursebook
650 _aScience
_vexplanation & discussion
942 _2ddc
_cNFIC